| 000 | 01072cam a2200325 i 4500 | ||
|---|---|---|---|
| 001 | 200441451 | ||
| 999 |
_c200441451 _d59663 |
||
| 003 | TR-AnTOB | ||
| 005 | 20240926145501.0 | ||
| 007 | ta | ||
| 008 | 210104m20202019tr b 001 0 tur d | ||
| 020 | _a9786257899925 | ||
| 040 |
_aTR-AnTOB _beng _erda _cTR-AnTOB _dTR-AnTOB |
||
| 041 | 0 | _atur | |
| 050 | _aKKX937 | ||
| 090 |
_aKKX937 _b.K4634 2020 |
||
| 100 | 1 |
_aKendigelen, Abuzer _eauthor _973197 |
|
| 245 |
_aKıymetli evrak hukuku : _bgenel esaslar kambiyo senetleri / _cProf. Dr. Abuzer Kendigelen, Prof. Dr. İsmail Kırca. |
||
| 250 | _aGüncellenmiş 3. Bası | ||
| 264 | 1 |
_aİstanbul : _bOn İki Levha Yayıncılık, _c2020. |
|
| 300 |
_a377 pages ; _c24 cm |
||
| 336 |
_atext _btxt _2rdacontent |
||
| 337 |
_aunmediated _bn _2rdamedia |
||
| 338 |
_avolume _bnc _2rdacarrier |
||
| 490 | 0 |
_aYayın no ; _v1265 |
|
| 504 | _aIncludes bibliographical references and index. | ||
| 650 | 7 |
_aKıymetli evrak _zTürkiye _2etuturkob _958103 |
|
| 700 | 1 |
_aKırca, İsmail _eauthor _974767 |
|
| 942 |
_2lcc _cBK |
||